000 00311nam a2200133Ia 4500
005 20260326235502.0
008 260326s9999||||xx |||||||||||||| ||und||
100 _aGentleman, David
245 0 _aArtwork /
_cDavid Gentleman
260 _bPenguin Random House
300 _a191 p.
650 _aARTE
942 _cBK
999 _c8090
_d8090